Estudios Sociales Centroamericanos / (Setiembre-Diciembre 1973) Año 2, Número 6
保存先:
| 団体著者: | |
|---|---|
| フォーマット: | 図書 |
| 言語: | Spanish |
| 出版事項: |
San José, Costa Rica:
Universidad de Costa Rica; Consejo Superior Universitario Centroamericano,
|
| 主題: | |
| タグ: |
タグ追加
タグなし, このレコードへの初めてのタグを付けませんか!
|
MARC
| LEADER | 00000nam a22000007a 4500 | ||
|---|---|---|---|
| 003 | cru CIDCACS/IIS | ||
| 005 | 20220614084834.0 | ||
| 007 | ta | ||
| 008 | 170213n1973 cr ||||| |||| 00| 0 spa d | ||
| 022 | |a 0303-9676 | ||
| 040 | |c CRAI/IIS |a CRAI/IIS | ||
| 090 | |a REV0467 2(6) 1973 | ||
| 110 | 1 | |9 8176 |a Consejo Superior Universitario Centroamericano (CSUCA) | |
| 245 | 1 | |a Estudios Sociales Centroamericanos / |b (Setiembre-Diciembre 1973) Año 2, Número 6 |c CSUCA | |
| 260 | |a San José, Costa Rica: |b Universidad de Costa Rica; Consejo Superior Universitario Centroamericano, | ||
| 270 | |b Montes de Oca |c San José |d Costa Rica | ||
| 300 | |a 168 páginas | ||
| 310 | |a Cuatrimestral | ||
| 500 | |a Colección Centroamérica | ||
| 505 | |a ARTÍCULOS Y ENSAYOS Estructuras agrarias y subdesarrollo en América Latina Rodolfo Stavenhagen (páginas 7-21) La formación de la hacienda cafetalera en Costa Rica (Siglo XIX) Ciro Cardoso (páginas 22-50) Economía y sociedad en Honduras durante el siglo XIX. Las estructuras Héctor Pérez Brignoli (páginas 51-82) El nacimiento de un régimen de burguesía dependiente: el caso de Costa Rica (II) José Luis Vega Carballo (páginas 83-120) PROBLEMAS Y DEBATES TEÓRICOS-METODOLÓGICOS Relaciones de producción en el campo: el problema del feudalismo y de la coacción extraeconómica Eduardo P. Archatti (páginas 121-138) BIBLIOGRAFÍA Y DOCUMENTACIÓN Latifundismo y reforma agraria en América Latina Antonio Murga Fransinetti (páginas 139-146) Notas sobre un libro reciente de Sergio Bagú Ciro Cardoso (páginas 147-149) Ganadores y perdedores en Santo Domingo Edelberto Torres-Rivas (páginas 150-151) Los intereses británicos en Costa Rica hacia 1857 Thomas Schoonover (páginas 152-154) Bibliografía del instituto Panamericano de Geografía e Historia (páginas 155-166) | ||
| 650 | 0 | |2 OCDE |9 587 |a CAFE | |
| 650 | 4 | |9 1919 |a REFORMA AGRARIA | |
| 650 | 0 | |9 943 |a BURGUESIA | |
| 650 | 0 | |9 2019 |a ECONOMIA AGRARIA | |
| 651 | 0 | |9 308 |a CENTROAMERICA | |
| 773 | |g Volumen 2, número 6, (Setiembre-Diciembre 1973) |t Estudios Sociales Centroamericanos |o 13807 | ||
| 942 | |2 z |c PP |s 1 | ||
| 999 | |c 44306 |d 44306 | ||
